Sports Quiz

Random Sports or NHL Quiz
Score 0/32 Timer 20:00
0 Plays Today
Hint Answer % Correct
Seattle (2017)-(NYI)Matthew Barzal
77.8%
Kootenay (2011)-(BUF)Sam Reinhart
77.8%
Kelowna (2003)-(CHI)Duncan Keith
77.8%
Brandon (2016)-(PHI)Ivan Provorov
72.2%
Kelowna (2015)-(EDM)Leon Draisaitl
72.2%
Portland (2013)-(CBJ)Seth Jones
72.2%
Calgary (2010)-(SJS)Martin Jones
72.2%
Kelowna (2009)-(DAL)Jamie Benn
72.2%
72.2%
Seattle (2017)-(EDM)Ethan Bear
61.1%
Kelowna (03&05)-(MTL)Shea Weber
61.1%
Brandon (2016)-(PHI)Nolan Patrick
55.6%
Spokane (2008)-(MIN)Jared Spurgeon
50%
Spokane (2008)-(TBL)Tyler Johnson
50%
Portland (2013)-(CBJ)Oliver Bjorkstrand
38.9%
Calgary (2010)-(CGY)Michael Stone
38.9%
Hint Answer % Correct
Medicine Hat (2007)-(DET)Darren Helm
38.9%
Kelowna (2015)-(DET)Madison Bowey
33.3%
Edmonton (12&14)-(BUF)Curtis Lazar
33.3%
Kootenay (2011)-(WPG)Cody Eakin
33.3%
Kelowna (2009)-(TOR)Tyson Barrie
33.3%
Kelowna (2009)-(VAN)Tyler Myers
33.3%
Edmonton (12&14)-(PIT)Tristan Jarry
27.8%
Kelowna (2015)-(CGY)Dillon Dube
22.2%
Edmonton (2012)-(WPG)Laurent Brossoit
22.2%
Kootenay (2011)-(VGK)Brayden McNabb
22.2%
Edmonton (2012)-(FLA)Mark Pysyk
16.7%
Kelowna (2009)-(CGY)Mikael Backlund
16.7%
Medicine Hat (2007)-(EDM)Tyler Ennis
16.7%
Brandon (2016)-(OTT)Jayce Hawryluk
11.1%
Medicine Hat (2007)-(EDM)Kris Russell
11.1%
Kelowna (03&05)-(DAL)Blake Comeau
5.6%
Remove Ads.
Support Sporcle.
Get the best of Sporcle when you Go Orange. This ad-free experience offers more features, more stats, and more fun while also helping to support Sporcle. Thank you for becoming a member.

You're not logged in!

Compare scores with friends on all Sporcle quizzes.
OR
Log In

Sporcle TV

Today on Sporcle TV


Watch our educational content, quiz creation guides, and fun videos on Sporcle TV.

Show Comments

Extras

Top Quizzes Today


Score Distribution

Paid Content

Your Account Isn't Verified!

In order to create a playlist on Sporcle, you need to verify the email address you used during registration. Go to your Sporcle Settings to finish the process.

Report this User

Report this user for behavior that violates our Community Guidelines.

Details: